Statistics for I Write Sins Not Tragedies

Click here to take the quiz!

General Stats

  • This quiz has been taken 132 times
  • The average score is 83 of 91

Answer Stats

Answer% Correct
i
100%
i
100%
i
100%
i
100%
a
99%
a
99%
a
99%
a
99%
a
99%
a
99%
a
99%
a
99%
a
99%
a
99%
the
98%
the
98%
door
97%
hear
97%
hear
97%
of
97%
of
97%
of
97%
of
97%
closing
96%
in
96%
in
96%
you
96%
haven't
95%
ever
94%
no
93%
no
93%
oh
93%
people
93%
to
93%
to
93%
to
93%
to
93%
with
93%
with
93%
chime
92%
heard
92%
i'm
92%
what
92%
what
92%
what
92%
what
92%
an
91%
bride
91%
well
91%
and
90%
and
90%
and
90%
beautiful
90%
beautiful
90%
can't
90%
cant
90%
church
90%
corridor
90%
imagine
90%
wedding
90%
wedding
90%
whore
90%
but
89%
but
89%
exchanging
89%
help
89%
help
89%
words
89%
better
88%
is
88%
goddamn
87%
its
87%
things
87%
as
86%
grooms
86%
sense
86%
these
86%
pacing
85%
much
84%
rationality
84%
bridesmaid
83%
kinds
82%
shame
82%
shame
82%
waiter
82%
face
81%
poor
81%
pews
80%
poise
80%
says
78%
yes
66%

Score Distribution

Percentile by Number Answered

Percent of People with Each Score

Your Score History

You have not taken this quiz